Seinfeld Minor Characters - Statistics

General Stats
  • This quiz has been taken 231 times
  • The average score is 7 of 15
Answer Stats
Hint Answer % Correct
George Alias Art Vandelay
74%
Regifting Tim Whatley
64%
Hello Uncle Leo
64%
Elaine BF David Puddy
63%
Mendy's Kenny Bania
61%
Big TV The Drake
60%
Kramer Friend Bob Sacamano
55%
Cochran-esque Jackie Chiles
55%
Jacopo J Peterman
45%
Del Boca Vista Jack Klompus
38%
George Rival Lloyd Braun
37%
Monks Cashier Ruth Cohen
30%
Spectacular Sidra Holland
27%
Clown Crazy Joe Davola
24%
Married 3 Times Mickey Abbott
23%
No matching quizzes found
Score Distribution
Percent of People with Each Score
Percentile by Number Answered
Your Score History
You have not taken this quiz